Ročná zpráva Československej štátnej reálky Pavla Križku v Kremnici za školský rok ...
| Format: | Serial |
|---|---|
| Language: | Slovak |
| PhysicalDescription: | 31 zv. |
| Published: |
Kremnica
Paxner
1919-1949
Zvolen Slovenská kníhhtlačiareň Banská Štiavnica Kníhtlačiareň Elemíra Joergesa Kremnica Kníhtlačiareň Smolnického a Bašťovánskeho Banská Bystrica Kníhtlačiareň Bystrá Zvolen Pravda |
| Subjects: |
MARC
| LEADER | 00000cas a2200000 a 4500 | ||
|---|---|---|---|
| 001 | vtls001357562 | ||
| 003 | SK-MaSNL | ||
| 005 | 20260228155738.0 | ||
| 008 | 990311d19191949xo ar 0 0b0slo | ||
| 035 | |a SNK000311061 | ||
| 040 | |a SNK |b slo |c SNK |e AACR2 | ||
| 041 | 0 | |a slo | |
| 043 | |a e-xo--- | ||
| 044 | |a xo |c SK | ||
| 072 | 7 | |a 373.5/.6 |x Stredné školy |2 konspekt | |
| 080 | |a 373.5 |2 2011 | ||
| 080 | |a 050 |2 2011 | ||
| 080 | |a (437.6) |2 2011 | ||
| 080 | |a (047.1) |2 2011 | ||
| 245 | 0 | 0 | |a Ročná zpráva Československej štátnej reálky Pavla Križku v Kremnici za školský rok ... |
| 246 | 1 | 3 | |a Ročná správa Československej štátnej reálky Pavla Križku v Kremnici za školský rok ... |
| 246 | 1 | 3 | |a Ročná zpráva Československej štátnej reálky a Československého štátneho reformného reálneho gymnázia Pavla Križku v Kremnici za školský rok ... |f 1922/23-1923/24 |
| 246 | 1 | 3 | |a Ročná zpráva Československého štátneho reformného reálneho gymnázia Pavla Križku v Kremnici za školský rok ... |f 1924/25-1937/38 |
| 246 | 1 | 3 | |a Ročná zpráva Štátneho slovenského reformného reálneho gymnázia Pavla Križku v Kremnici za školský rok ... |f 1938/39 |
| 246 | 1 | 3 | |a Ročná zpráva Štátneho slovenského gymnázia Pavla Križku v Kremnici za školský rok ... |f 1939/40 |
| 246 | 1 | 3 | |a Výročná zpráva Štátneho slovenského gymnázia Pavla Križku v Kremnici za školský rok ... |f 1940/41-1943/44 |
| 246 | 1 | 3 | |a Výročná zpráva Štátneho gymnázia v Kremnici |f 1944/45-1945/46 |
| 246 | 1 | 3 | |a Výročná zpráva Štátneho gymnázia v Kremnici za školský rok ... |f 1946/47-1947/48 |
| 246 | 1 | 3 | |a Výročná zpráva Gymnázia v Kremnici za školský rok ... |f 1948/49 |
| 260 | |a Kremnica |b Paxner |c 1919-1949 | ||
| 260 | 2 | |3 1929-1932 ; 1934-1935 |a Zvolen |b Slovenská kníhhtlačiareň | |
| 260 | 2 | |3 1933 |a Banská Štiavnica |b Kníhtlačiareň Elemíra Joergesa | |
| 260 | 2 | |3 1936-1946 |a Kremnica |b Kníhtlačiareň Smolnického a Bašťovánskeho | |
| 260 | 2 | |3 1947 |a Banská Bystrica |b Kníhtlačiareň Bystrá | |
| 260 | 2 | |3 1948-1949 |a Zvolen |b Pravda | |
| 300 | |a 31 zv. | ||
| 310 | |a 1x ročne | ||
| 362 | 0 | |a 1 (1918/19)-31 (1948/49) |z Bg. výročných správ škôl ... č. zázn. 186 | |
| 500 | |a Súčasťou názvu je označenie roku | ||
| 500 | |a Na začiatku názvu je poradové číslo správy | ||
| 650 | 0 | 7 | |a gymnáziá |2 SNKPH |9 16386 |
| 651 | 7 | |a Kremnica (Slovensko) |2 SNKPHgeo |9 26188 | |
| 655 | 7 | |a výročné správy |2 SNKPH |9 70580 | |
| 910 | |a snk | ||
| 999 | |c 406 |d 406 | ||
| 952 | |0 0 |1 0 |4 0 |7 0 |a SNK |b SNK |d 1999-03-11 |l 0 |o snkČSC 925/4/1921-1922 |p 17A0184445 |r 2005-01-02 00:00:00 |w 2026-02-21 |y PREZ | ||
| 952 | |0 0 |1 0 |4 0 |7 0 |a SNK |b SNK |d 1999-03-11 |l 0 |o snkČSC 925/2/1919-1920 |p 17A0182399 |r 2005-01-02 00:00:00 |w 2026-02-21 |y PREZ | ||
| 952 | |0 0 |1 0 |4 0 |7 0 |a SNK |b SNK |d 2002-03-08 |l 0 |o snkČSC 925/27/1944-1945 |p 17A0335457 |r 2005-01-02 00:00:00 |w 2026-02-21 |y PREZ | ||
| 952 | |0 0 |1 0 |4 0 |7 0 |a SNK |b SNK |d 2002-03-08 |l 0 |o snkČSC 925/28/1945-1946 |p 17A0335725 |r 2005-01-02 00:00:00 |w 2026-02-21 |y PREZ | ||
| 952 | |0 0 |1 0 |4 0 |7 0 |a SNK |b SNK |d 1999-03-11 |l 0 |o snkČSC 925/3/1920-1921 |p 17A0184477 |r 2005-01-02 00:00:00 |w 2026-02-21 |y PREZ | ||
| 952 | |0 0 |1 0 |4 0 |7 0 |a SNK |b SNK |d 1999-03-11 |l 0 |o snkČSC 925/5/1922-1923 |p 17A0182426 |r 2005-01-02 00:00:00 |w 2026-02-21 |y PREZ | ||
| 952 | |0 0 |1 0 |4 0 |7 0 |a SNK |b SNK |d 1999-03-11 |l 0 |o snkČSC 925/6/1923-1924 |p 17A0182425 |r 2005-01-02 00:00:00 |w 2026-02-21 |y PREZ | ||
| 952 | |0 0 |1 0 |4 0 |7 0 |a SNK |b SNK |d 1999-03-11 |l 0 |o snkČSC 925/7/1924-1925 |p 17A0182423 |r 2005-01-02 00:00:00 |w 2026-02-21 |y PREZ | ||
| 952 | |0 0 |1 0 |4 0 |7 0 |a SNK |b SNK |d 1999-03-11 |l 0 |o snkČSC 925/9/1926-1927 |p 17A0182421 |r 2005-01-02 00:00:00 |w 2026-02-21 |y PREZ | ||
| 952 | |0 0 |1 0 |4 0 |7 0 |a SNK |b SNK |d 1999-03-11 |l 0 |o snkČSC 925/8/1925-1926 |p 17A0182403 |r 2005-01-02 00:00:00 |w 2026-02-21 |y PREZ | ||
| 952 | |0 0 |1 0 |4 0 |7 0 |a SNK |b SNK |d 1999-03-11 |l 0 |o snkČSC 925/10/1927-1928 |p 17A0182849 |r 2005-01-02 00:00:00 |w 2026-02-21 |y PREZ | ||
| 952 | |0 0 |1 0 |4 0 |7 0 |a SNK |b SNK |d 1999-03-11 |l 0 |o snkČSC 925/11/1928-1929 |p 17A0182400 |r 2005-01-02 00:00:00 |w 2026-02-21 |y PREZ | ||
| 952 | |0 0 |1 0 |4 0 |7 0 |a SNK |b SNK |d 1999-03-11 |l 0 |o snkČSC 925/1/1919 |p 17A0182422 |r 2005-01-02 00:00:00 |w 2026-02-21 |y PREZ | ||


